00568nam a22001817a 450000500170000001000150001702000240003202000320005603500130008803700130010108200110011410000160012524500440014126000590018527000500024430000300029450500620032420100818124142.0 aENG-100830 a9788172085391 (set) a9788172087210 (V.1)c131.00 aEN-84363 bDBAD/PUB a230.35 aKasturi, N. aSathyam sivam sundaram /cby N. Kasturi aPrasanthi NilayambSri Sathya Sai Sadhana Trust c2009 aAnantapur DistrictbPrasanthi Nilayame515134 a371p.c21cm (pbk)ephotos aV.1- Life story of Bhagawan Sri Sathya Sai Baba 1926-1961